00000000nam 2200000zi 4500
0019.947120
003CaOODSP
00520250324131007
006m     o  d f      
007cr mn|||||||||
008250120e198203  oncad   ob   f000 0 fre d
040 |aCaOODSP|bfre|erda|cCaOODSP
043 |an-cn---
0861 |aCo26-34/1982F-PDF
1001 |aKirby, Mary, |eauteur.
24510|aÉtude d'un modèle économique de la bureautique : |brapport final / |cpar Mary Kirby et Roger Hough.
264 1|a[Ottawa] : |bGouvernement du Canada, Ministère des Communications = Government of Canada, Department of Communications, |cmars 1982.
300 |a1 ressource en ligne (76 pages) : |billustrations, graphiques
336 |atexte|btxt|2rdacontent/fre
337 |ainformatique|bc|2rdamedia/fre
338 |aressource en ligne|bcr|2rdacarrier/fre
500 |aÉdition numérisée de l'imprimé [par Innovation, sciences et développement économique Canada].
500 |aPublié aussi en anglais sous le titre : Study to develop an economic model of office automation : final report.
504 |aComprend des références bibliographiques (page 73).
650 6|aCommunication dans les organisations|zCanada.
650 6|aBureautique|xAspect économique|zCanada.
7101 |aCanada. |bMinistère des communications, |eorganisme de publication.
77508|tStudy to develop an economic model of office automation : |w(CaOODSP)9.939562
85640|qPDF|s1.85 Mo|uhttps://publications.gc.ca/collections/collection_2025/isde-ised/co26/Co26-34-1982-fra.pdf